| 000 | 00436nam a2200157 i 4500 | ||
|---|---|---|---|
| 001 | 74949 | ||
| 003 | ES-MaACL | ||
| 005 | 20230906172310.0 | ||
| 007 | t| | ||
| 008 | 040921s1970 sp ||||1| spa d | ||
| 100 | 1 |
_aGorini, Fausto. _959185 |
|
| 245 | 1 | 4 |
_aLas plantas de interiores / _cFausto Gorini. |
| 260 |
_aBarcelona : _bDe Vecchi, _c[1970] |
||
| 300 |
_a155 p., 4 lám. : _bil. ; _c21 cm. |
||
| 852 |
_aES-MaACL _jC-46185 _bR.74459 |
||
| 999 |
_c74949 _d74949 |
||